000 00667nam a22001937a 4500
999 _c149193
_d149193
005 20230728123822.0
010 _aUR-10016
020 _c200.00
_a-
035 _aU-8571
037 _bDBAD/PUB
082 _a841
100 _aا طیب ا عجا ز
245 _aنظمیں /
_cا طیب ا عجا ز
246 _bNazmein /
_aby Atiyab Ayjaz
260 _aHaiderabad
_bAtiyab Publishing House
_c2016
270 _a9-10-241,Risala Bazar,Qila Golecunda
_bHyderabad
_e500008
_k9949204759
_l-
300 _a96 ص
_c22cm(pbk)
942 _2ddc
_cUR
_h841
_mا ط ی